<?xml version="1.0" encoding="UTF-8"?>
<collection xmlns="http://www.loc.gov/MARC21/slim">
 <record>
  <leader>05092cam a2200901 c 4500</leader>
  <controlfield tag="001">351985123</controlfield>
  <controlfield tag="003">DE-627</controlfield>
  <controlfield tag="005">20260109093708.0</controlfield>
  <controlfield tag="007">tu</controlfield>
  <controlfield tag="008">020805s2002    gw |||||      00| ||ger c</controlfield>
  <datafield tag="015" ind1=" " ind2=" ">
   <subfield code="a">02,N33,0682</subfield>
   <subfield code="2">dnb</subfield>
  </datafield>
  <datafield tag="015" ind1=" " ind2=" ">
   <subfield code="a">02,A45,1033</subfield>
   <subfield code="2">dnb</subfield>
  </datafield>
  <datafield tag="016" ind1="7" ind2=" ">
   <subfield code="a">964625083</subfield>
   <subfield code="2">DE-101</subfield>
  </datafield>
  <datafield tag="020" ind1=" " ind2=" ">
   <subfield code="a">3832171797</subfield>
   <subfield code="c">Gb. : EUR 48.00</subfield>
   <subfield code="9">3-8321-7179-7</subfield>
  </datafield>
  <datafield tag="020" ind1=" " ind2=" ">
   <subfield code="a">9783832171797</subfield>
   <subfield code="c">Pp. : EUR 48.00</subfield>
   <subfield code="9">978-3-8321-7179-7</subfield>
  </datafield>
  <datafield tag="024" ind1="3" ind2=" ">
   <subfield code="a">9783832171797</subfield>
  </datafield>
  <datafield tag="035" ind1=" " ind2=" ">
   <subfield code="a">(DE-627)351985123</subfield>
  </datafield>
  <datafield tag="035" ind1=" " ind2=" ">
   <subfield code="a">(DE-576)100394957</subfield>
  </datafield>
  <datafield tag="035" ind1=" " ind2=" ">
   <subfield code="a">(DE-599)GBV399709290</subfield>
  </datafield>
  <datafield tag="035" ind1=" " ind2=" ">
   <subfield code="a">(OCoLC)237585541</subfield>
  </datafield>
  <datafield tag="035" ind1=" " ind2=" ">
   <subfield code="a">(OCoLC)237585541</subfield>
  </datafield>
  <datafield tag="035" ind1=" " ind2=" ">
   <subfield code="a">(DE-478)952284337</subfield>
  </datafield>
  <datafield tag="035" ind1=" " ind2=" ">
   <subfield code="a">(JUB)b10306808</subfield>
  </datafield>
  <datafield tag="040" ind1=" " ind2=" ">
   <subfield code="a">DE-627</subfield>
   <subfield code="b">ger</subfield>
   <subfield code="c">DE-627</subfield>
   <subfield code="e">rakwb</subfield>
  </datafield>
  <datafield tag="041" ind1=" " ind2=" ">
   <subfield code="a">ger</subfield>
  </datafield>
  <datafield tag="044" ind1=" " ind2=" ">
   <subfield code="c">XA-DE</subfield>
   <subfield code="c">XA-DE-NW</subfield>
  </datafield>
  <datafield tag="050" ind1=" " ind2="0">
   <subfield code="a">N6868.K355 2002</subfield>
  </datafield>
  <datafield tag="082" ind1="0" ind2=" ">
   <subfield code="a">709.4309045</subfield>
   <subfield code="q">BSZ</subfield>
  </datafield>
  <datafield tag="084" ind1=" " ind2=" ">
   <subfield code="a">Rml</subfield>
   <subfield code="2">asb</subfield>
  </datafield>
  <datafield tag="084" ind1=" " ind2=" ">
   <subfield code="a">RML 3</subfield>
   <subfield code="2">ssd</subfield>
  </datafield>
  <datafield tag="084" ind1=" " ind2=" ">
   <subfield code="a">KU 159 D</subfield>
   <subfield code="2">sfb</subfield>
  </datafield>
  <datafield tag="084" ind1=" " ind2=" ">
   <subfield code="a">K 117</subfield>
   <subfield code="2">kab</subfield>
  </datafield>
  <datafield tag="084" ind1=" " ind2=" ">
   <subfield code="a">46</subfield>
   <subfield code="2">sdnb</subfield>
  </datafield>
  <datafield tag="084" ind1=" " ind2=" ">
   <subfield code="a">47</subfield>
   <subfield code="a">46</subfield>
   <subfield code="2">sdnb</subfield>
  </datafield>
  <datafield tag="084" ind1=" " ind2=" ">
   <subfield code="a">9,11</subfield>
   <subfield code="2">ssgn</subfield>
  </datafield>
  <datafield tag="084" ind1=" " ind2=" ">
   <subfield code="a">LK 10350</subfield>
   <subfield code="q">BVB</subfield>
   <subfield code="2">rvk</subfield>
   <subfield code="0">(DE-625)rvk/97500:13104</subfield>
  </datafield>
  <datafield tag="084" ind1=" " ind2=" ">
   <subfield code="a">LH 65827</subfield>
   <subfield code="q">DE-FR129</subfield>
   <subfield code="2">rvk</subfield>
   <subfield code="0">(DE-625)rvk/94562:13111</subfield>
  </datafield>
  <datafield tag="084" ind1=" " ind2=" ">
   <subfield code="a">20.70</subfield>
   <subfield code="2">bkl</subfield>
  </datafield>
  <datafield tag="084" ind1=" " ind2=" ">
   <subfield code="a">20.00</subfield>
   <subfield code="2">bkl</subfield>
  </datafield>
  <datafield tag="100" ind1="1" ind2=" ">
   <subfield code="a">Thomas, Karin</subfield>
   <subfield code="d">1941-</subfield>
   <subfield code="e">VerfasserIn</subfield>
   <subfield code="0">(DE-588)123865638</subfield>
   <subfield code="0">(DE-627)085489921</subfield>
   <subfield code="0">(DE-576)283088478</subfield>
   <subfield code="4">aut</subfield>
  </datafield>
  <datafield tag="245" ind1="1" ind2="0">
   <subfield code="a">Kunst in Deutschland seit 1945</subfield>
   <subfield code="c">Karin Thomas</subfield>
  </datafield>
  <datafield tag="246" ind1="3" ind2="0">
   <subfield code="a">Neunzehnhundertfünfundvierzig</subfield>
  </datafield>
  <datafield tag="264" ind1=" " ind2="1">
   <subfield code="a">Köln</subfield>
   <subfield code="b">DuMont-Literatur-und-Kunst-Verl.</subfield>
   <subfield code="c">2002</subfield>
  </datafield>
  <datafield tag="300" ind1=" " ind2=" ">
   <subfield code="a">540 Seiten</subfield>
   <subfield code="b">zahlreiche Illustrationen</subfield>
   <subfield code="c">30 cm</subfield>
  </datafield>
  <datafield tag="336" ind1=" " ind2=" ">
   <subfield code="a">unbewegtes Bild</subfield>
   <subfield code="b">sti</subfield>
   <subfield code="2">rdacontent</subfield>
  </datafield>
  <datafield tag="337" ind1=" " ind2=" ">
   <subfield code="a">ohne Hilfsmittel zu benutzen</subfield>
   <subfield code="b">n</subfield>
   <subfield code="2">rdamedia</subfield>
  </datafield>
  <datafield tag="338" ind1=" " ind2=" ">
   <subfield code="a">Band</subfield>
   <subfield code="b">nc</subfield>
   <subfield code="2">rdacarrier</subfield>
  </datafield>
  <datafield tag="500" ind1=" " ind2=" ">
   <subfield code="a">Literaturverz. S. [519] - 525</subfield>
  </datafield>
  <datafield tag="505" ind1="8" ind2=" ">
   <subfield code="a">Literaturverz. S. 519 - 525</subfield>
  </datafield>
  <datafield tag="520" ind1=" " ind2=" ">
   <subfield code="a">Der Frage nach Unterschieden und Gemeinsamkeiten ost- und westdeutscher Kunstszenen nach 1945 ging die Autorin fast akribisch nach. So bringt diese material- und faktenreiche Spurensuche überraschende Parallelen oder zeitverschobene Entwicklungen der immer vielfältiger gewordenen Ausdrucksformen hervor, die das Wechselverhältnis von Kunst und Gesellschaft beider Staaten beschreiben. Die jeweils impulsgegebenden Künstler und Werke werden in ihrem zeitlichen Kontext diskutiert, mit Fotos, Quellen, Zitaten und über 600 Abbildungen erläutert. Das Augenmerk liegt nicht allein auf der stilistischen Entwicklung, auch politisches Umfeld, Literatur und Alltagskultur werden einbezogen. Die Entwicklung der Kunst in Ost- und West-Deutschland bis in die jüngste Zeit wird in thematischen Blöcken abwechselnd thematisiert, obgleich bei dieser Faktenfülle die eigentliche Bilanz mitunter auf der Strecke bleibt. Trotzdem ein ungemein informativer, gut bebilderter Überblick gesamtdeutscher Kunstgeschichte nach 1945 von der versierten Autorin (zuletzt &quot;Bis heute&quot;, ID 43/98). Mit Zeittafel und Literaturverzeichnis. (2) (Michaela Bodesheim)</subfield>
  </datafield>
  <datafield tag="650" ind1=" " ind2="0">
   <subfield code="a">Art, German</subfield>
   <subfield code="y">20th century</subfield>
  </datafield>
  <datafield tag="650" ind1=" " ind2="4">
   <subfield code="a">Deutschland</subfield>
  </datafield>
  <datafield tag="650" ind1=" " ind2="4">
   <subfield code="a">Kunst</subfield>
  </datafield>
  <datafield tag="650" ind1=" " ind2="4">
   <subfield code="a">Geschichte 1945-</subfield>
  </datafield>
  <datafield tag="655" ind1=" " ind2="7">
   <subfield code="a">Bildband</subfield>
   <subfield code="0">(DE-588)4145395-5</subfield>
   <subfield code="0">(DE-627)104450835</subfield>
   <subfield code="0">(DE-576)209741139</subfield>
   <subfield code="2">gnd-content</subfield>
  </datafield>
  <datafield tag="689" ind1="0" ind2="0">
   <subfield code="d">g</subfield>
   <subfield code="0">(DE-588)4011882-4</subfield>
   <subfield code="0">(DE-627)104704861</subfield>
   <subfield code="0">(DE-576)208896155</subfield>
   <subfield code="a">Deutschland</subfield>
   <subfield code="2">gnd</subfield>
  </datafield>
  <datafield tag="689" ind1="0" ind2="1">
   <subfield code="d">s</subfield>
   <subfield code="0">(DE-588)4114333-4</subfield>
   <subfield code="0">(DE-627)105822957</subfield>
   <subfield code="0">(DE-576)209483733</subfield>
   <subfield code="a">Kunst</subfield>
   <subfield code="2">gnd</subfield>
  </datafield>
  <datafield tag="689" ind1="0" ind2="2">
   <subfield code="a">z</subfield>
   <subfield code="2">gnd</subfield>
   <subfield code="a">Geschichte 1945-2001</subfield>
  </datafield>
  <datafield tag="689" ind1="0" ind2=" ">
   <subfield code="5">DE-101</subfield>
  </datafield>
  <datafield tag="689" ind1="1" ind2="0">
   <subfield code="a">z</subfield>
   <subfield code="2">gnd</subfield>
   <subfield code="a">Geschichte 1945-2001</subfield>
  </datafield>
  <datafield tag="689" ind1="1" ind2=" ">
   <subfield code="5">(DE-627)</subfield>
  </datafield>
  <datafield tag="787" ind1="0" ind2="8">
   <subfield code="i">Rezensiert in</subfield>
   <subfield code="a">Feist, Peter H., 1928 - 2015</subfield>
   <subfield code="t">[Rezension von: Karin Thomas, Kunst in Deutschland seit 1945]</subfield>
   <subfield code="d">Regensburg : Schnell und Steiner, 2003</subfield>
   <subfield code="w">(DE-627)1553369262</subfield>
   <subfield code="w">(DE-576)483369268</subfield>
  </datafield>
  <datafield tag="856" ind1="4" ind2="2">
   <subfield code="u">https://swbplus.bsz-bw.de/bsz100394957inh.htm</subfield>
   <subfield code="m">V:DE-576</subfield>
   <subfield code="q">application/pdf</subfield>
   <subfield code="v">2007-06-15</subfield>
   <subfield code="3">Inhaltsverzeichnis</subfield>
   <subfield code="7">1</subfield>
  </datafield>
  <datafield tag="856" ind1="4" ind2="2">
   <subfield code="u">http://www.perlentaucher.de/buch/karin-thomas/kunst-in-deutschland-seit-1945.html</subfield>
   <subfield code="x">Verlag</subfield>
   <subfield code="3">Rezension</subfield>
   <subfield code="7">1</subfield>
  </datafield>
  <datafield tag="889" ind1=" " ind2=" ">
   <subfield code="w">(DE-576)501555692</subfield>
  </datafield>
  <datafield tag="889" ind1=" " ind2=" ">
   <subfield code="w">(DE-627)399709290</subfield>
  </datafield>
  <datafield tag="935" ind1=" " ind2=" ">
   <subfield code="i">Blocktest</subfield>
  </datafield>
  <datafield tag="936" ind1="r" ind2="v">
   <subfield code="a">LK 10350</subfield>
   <subfield code="b">allgemein</subfield>
   <subfield code="k">Kunstgeschichte</subfield>
   <subfield code="k">Kunst nach Ländern bzw. Kontinenten</subfield>
   <subfield code="k">Deutschland</subfield>
   <subfield code="k">Deutsche Kunstgeschichte einzelner Epochen</subfield>
   <subfield code="k">Deutsche Kunstgeschichte der Neuzeit</subfield>
   <subfield code="k">19., 20.  und 21. Jahrhundert</subfield>
   <subfield code="k">20. Jahrhundert</subfield>
   <subfield code="k">allgemein</subfield>
   <subfield code="0">(DE-627)1270637029</subfield>
   <subfield code="0">(DE-625)rvk/97500:13104</subfield>
   <subfield code="0">(DE-576)200637029</subfield>
  </datafield>
  <datafield tag="936" ind1="r" ind2="v">
   <subfield code="a">LH 65827</subfield>
   <subfield code="b">Kunst nach 1945 (verschiedene Richtungen)</subfield>
   <subfield code="k">Kunstgeschichte</subfield>
   <subfield code="k">Allgemeines. Allgemeine Kunstgeschichte</subfield>
   <subfield code="k">Allgemeine Kunstgeschichte: Darstellungen</subfield>
   <subfield code="k">Darstellungen einzelner Epochen</subfield>
   <subfield code="k">Mittlere und neuere Kunstgeschichte</subfield>
   <subfield code="k">Neuzeit</subfield>
   <subfield code="k">19. und 20. Jahrhundert</subfield>
   <subfield code="k">20. Jahrhundert</subfield>
   <subfield code="k">Kunst nach 1945 (verschiedene Richtungen)</subfield>
   <subfield code="0">(DE-627)1270636480</subfield>
   <subfield code="0">(DE-625)rvk/94562:13111</subfield>
   <subfield code="0">(DE-576)200636480</subfield>
  </datafield>
  <datafield tag="936" ind1="b" ind2="k">
   <subfield code="a">20.70</subfield>
   <subfield code="j">Europäische Kunst: Allgemeines</subfield>
   <subfield code="0">(DE-627)106406566</subfield>
  </datafield>
  <datafield tag="936" ind1="b" ind2="k">
   <subfield code="a">20.00</subfield>
   <subfield code="j">Kunstwissenschaften: Allgemeines</subfield>
   <subfield code="0">(DE-627)106406493</subfield>
  </datafield>
  <datafield tag="951" ind1=" " ind2=" ">
   <subfield code="a">BO</subfield>
  </datafield>
  <datafield tag="990" ind1=" " ind2=" ">
   <subfield code="a">Deutschland</subfield>
  </datafield>
  <datafield tag="990" ind1=" " ind2=" ">
   <subfield code="a">Kunst</subfield>
  </datafield>
  <datafield tag="990" ind1=" " ind2=" ">
   <subfield code="a">Geschichte 1945-2001</subfield>
  </datafield>
  <datafield tag="990" ind1=" " ind2=" ">
   <subfield code="a">Geschichte 1945-2001</subfield>
  </datafield>
  <datafield tag="991" ind1=" " ind2=" ">
   <subfield code="a">Rezensiertes Werk</subfield>
  </datafield>
  <datafield tag="999" ind1=" " ind2=" ">
   <subfield code="a">KXP-PPN351985123</subfield>
   <subfield code="e">4098433508</subfield>
  </datafield>
 </record>
</collection>
